MARC

Tag First Indicator Second Indicator Subfields
LEADER 00000cam a2200000 a 4500
001 in00000876421
005 20151019111137.0
008 880811s1988 mdu f00010 eng d
010 |a gp 88016468  
035 |a (OCoLC)18346383 
035 |9 AEH5908AM 
040 |a GPO  |c GPO  |d UtOrBLW 
043 |a n-us--- 
050 0 |a 88016468 
074 |a 491-B-13 
086 0 |a HE 20.6512/6:R 31/2 
110 2 |a National Center for Health Services Research and Health Care Technology Assessment (U.S.) 
245 1 0 |a Individual National Research Service Awards. 
264 1 |a Rockville, MD :  |b U.S. Dept. of Health and Human Services, Public Health Service, National Center for Health Services Research and Health Care Technology Assessment,  |c [1988] 
300 |a 3 pages ;  |c 28 cm. 
336 |a text  |b txt  |2 rdacontent 
337 |a unmediated  |b n  |2 rdamedia 
338 |a volume  |b nc  |2 rdacarrier 
500 |a Caption title. 
500 |a Shipping list number: 88-476-P. 
500 |a "May 1988"--P. 3. 
650 0 |a Federal aid to medical research  |z United States. 
650 0 |a Public health  |x Research grants  |z United States. 
999 |a MARS 
999 f f |s f265964e-f135-3392-9e2e-c7fcefe015f2  |i 7345bc90-0943-3b69-a989-51bd17bc3d39  |t 0 
952 f f |p normal  |a Texas A&M University  |b College Station  |c Sterling C. Evans Library  |d Evans: US Documents (Annex 5th floor)  |t 0  |e HE 20.6512/6:R 31/2  |h Superintendent of Documents classification  |i unmediated -- volume  |m A14814907928 
998 f f |a HE 20.6512/6:R 31/2  |t 0  |l Evans: US Documents (Annex 5th floor)